000 00692nam a22002297a 4500
001 77238
003 BD-RjUL
005 20240320101447.0
008 240320s1930 p ||||| |||| 00| 0 urd d
020 _c: 12.00
035 _a(BD-RjUL)77463
040 _aBD-RjUL
_beng
_cBD-RjUL
041 _aurd
082 _223
_a891.439
_bAZN 1930
100 _aاراد, محمد حسسیین = Arad, Mohammad Hussein
_9240429
245 _a Nerd Khial /نیرنگ خیال
_c /Mohammad Hussein Azad = محمد حسسیین ازاد
260 _aDhaka :
_bMalek Azad Book ,
_c1930
300 _aV. ;
_c19 cm
505 _aVol.1.----V.2.---
650 _aUrdu Literature
_9240431
942 _2ddc
_cBK
999 _c77238
_d77238